000 00820nam a2200169 a 4500
001 000019260
005 20200929165951.0
008 100315s2009 sp 000 0 spa d
020 _a9788478410842
040 _aDO-SdBNP
_bspa
_cBNPHU
082 _axxxx
245 0 0 _aLos nuevos empresarios.
260 _aBarcelona España :
_bOceano-Centrum,
_c2009.
300 _a2 v. :
_bdiagrs. ;
_c27 cm +
_ecd-rom
505 2 _gv. 1 :
_tCómo ser un líder eficaz --
_tCómo negociar eficazmente --
_tCómo dirigir reuniones --
_tCómo desarrollar un plan de negocios --
_tSea su propio jefe --
_gv. 2:
_tCómo administrar su tiempo --
_tPresente informes y propuestas eficaces --
_tCorreo electrónico: cómo escribir mensajes eficaces --
_t¡Haga esa llamada! --
_tEleve su autoestima --
_tCómo tratar con gente difícil.
049 _aBNPD
999 _c18778
_d18778